Online nákupy ponúkajú kvantá možností

Online nákupy potravín sú na Slovensku v porovnaní so zahraničím stále iba v plienkach. Spotrebitelia síce vo väčšom testovali možnosti doručenia nákupu počas pandémie, no napriek tomu má zatiaľ väčšina z nich pocit, že sami si dokážu v obchode poradiť lepšie, hoci je to často na úkor ich voľného ča...

Descrizione completa

Salvato in:
Dettagli Bibliografici
Autore principale: Kapitán, Peter
Natura: Capitolo di libro
Lingua:slovacco
Soggetti:
Tags: Aggiungi Tag
Nessun Tag, puoi essere il primo ad aggiungerne!!

MARC

LEADER 00000naa a2200000 4500
001 0297761
005 20240417075257.9
041 0 |a slo 
044 |a CZ 
245 1 0 |a Online nákupy ponúkajú kvantá možností  |c Peter Kapitán 
520 |a Online nákupy potravín sú na Slovensku v porovnaní so zahraničím stále iba v plienkach. Spotrebitelia síce vo väčšom testovali možnosti doručenia nákupu počas pandémie, no napriek tomu má zatiaľ väčšina z nich pocit, že sami si dokážu v obchode poradiť lepšie, hoci je to často na úkor ich voľného času a neraz aj pohodlia. Ako túto situáciu zmeniť a motivovať zákazníka častejšie siahnuť po virtuálnom nákupnom košíku, hovoria obchodníci aj poskytovatelia doručovacích služieb a riešení. 
610 2 0 |a nákup elektronický 
610 2 0 |a internet 
610 2 0 |a potraviny 
610 2 0 |a služby donáškové 
610 2 0 |a motivácia 
610 2 0 |a zákazníci 
100 1 |a Kapitán, Peter